Los caminos del agua : (Registro nro. 63172)

Detalles MARC
000 -LEADER
campo de control de longitud fija 02456cam a22003614i 4500
003 - IDENTIFICADOR DE NÚMERO DE CONTROL
campo de control PE-LiUPU
005 - FECHA Y HORA DE LA ÚLTIMA TRANSACCIÓN
campo de control 20251126104907.0
008 - DATOS DE LONGITUD FIJA--INFORMACIÓN GENERAL
campo de control de longitud fija 230601s2023 mx a rb 000 0 spa d
020 ## - NÚMERO INTERNACIONAL ESTÁNDAR DEL LIBRO
Número Internacional Estándar del Libro 9786078880218
035 ## - NÚMERO DE CONTROL DEL SISTEMA
Número de control de sistema PE-LiUPU000004
040 ## - FUENTE DE CATALOGACIÓN
Centro catalogador/agencia de origen PE-LiUPU
Lengua de catalogación spa
Centro/agencia transcriptor PE-LiUPU
Normas de descripción rda
082 04 - NÚMERO DE LA CLASIFICACIÓN DECIMAL DEWEY
Número de clasificación 553.7
Cutter L879
Número de edición 23
100 1# - ENTRADA PRINCIPAL--NOMBRE DE PERSONA
Nombre de persona Combette, Marie,
Término indicativo de función/relación autor.
9 (RLIN) 7672
245 10 - MENCIÓN DEL TÍTULO
Título Los caminos del agua :
Resto del título geografía, naturaleza, sociedad y arte /
Mención de responsabilidad, etc. Autores del proyecto: Marie Combette, Daniel Moreno Flores.
250 ## - MENCION DE EDICION
Mención de edición Primera edición.
264 #1 - PRODUCCIÓN, PUBLICACIÓN, DISTRIBUCIÓN, FABRICACIÓN Y COPYRIGHT
Producción, publicación, distribución, fabricación y copyright Quito, Ecuador :
Nombre del de productor, editor, distribuidor, fabricante La Cabina de la Curiosidad ;
Producción, publicación, distribución, fabricación y copyright Ciudad de México :
Nombre del de productor, editor, distribuidor, fabricante Arquine,
Fecha de producción, publicación, distribución, fabricación o copyright 2023.
300 ## - DESCRIPCIÓN FÍSICA
Extensión 1 hoja continua plegada (leporello) :
Otras características físicas ilustraciones ;
Dimensiones 30 cm
336 ## - TIPO DE CONTENIDO
Término de tipo de contenido text
Fuente rdacontent
337 ## - TIPO DE MEDIO
Nombre/término del tipo de medio unmediated
Fuente rdamedia
338 ## - TIPO DE SOPORTE
Nombre/término del tipo de soporte volume
Fuente rdacarrier
500 ## - NOTA GENERAL
Nota general Primera aparición del material en Quito (Ecuador): Yaku, Parque Museo del Agua. Segunda aparición: Universidad de Morón, Argentina. Tercera aparición: Colegio de San Ildefonso (Ciudad de México) durante MEXTRÓPOLI 2023.
500 ## - NOTA GENERAL
Nota general Tiraje de 750 ejemplares.
500 ## - NOTA GENERAL
Nota general Impreso y encuadernado en Asia Pacific Offset, China.
520 ## - RESUMEN, ETC.
Sumario, etc. Los caminos del agua es un proyecto cartográfico en constante crecimiento que combina rigurosidad técnica con un trabajo manual sensible. A través del tiempo, el equipo ha ido identificando y dibujando nuevas cartografías que forman colecciones capaces de captar los detalles del entorno y funcionan también como una metodología para promover el cuidado y la apropiación de los hábitats.<br/><br/>La iniciativa nació con el propósito de visibilizar los recursos hídricos y generar conciencia sobre su importancia, fragilidad y valor, así como sobre la necesidad de proteger los ecosistemas que atraviesan. El libro recoge esta exploración abierta y en movimiento, presenta la exposición originada en Ecuador e incorpora experiencias de Argentina y México. La obra constituye un ejercicio de recuperación crítica que invita al diálogo y cuestiona la manera en que interpretamos nuestros territorios.
546 ## - NOTA DE IDIOMA
Nota de lengua/lenguaje Texto en español.
650 14 - PUNTO DE ACCESO ADICIONAL DE MATERIA--TÉRMINO DE MATERIA
Término de materia o nombre geográfico como elemento de entrada Agua
Subdivisión general Aspectos sociales.
9 (RLIN) 7669
650 24 - PUNTO DE ACCESO ADICIONAL DE MATERIA--TÉRMINO DE MATERIA
Término de materia o nombre geográfico como elemento de entrada Agua
Subdivisión general Aspectos culturales.
9 (RLIN) 7670
650 24 - PUNTO DE ACCESO ADICIONAL DE MATERIA--TÉRMINO DE MATERIA
Término de materia o nombre geográfico como elemento de entrada Paisaje natural
Subdivisión general Interpretación.
9 (RLIN) 7671
650 24 - PUNTO DE ACCESO ADICIONAL DE MATERIA--TÉRMINO DE MATERIA
Término de materia o nombre geográfico como elemento de entrada Arte y medio ambiente.
700 ## - ENTRADA AGREGADA--NOMBRE PERSONAL
Nombre de persona Moreno Flores, Daniel,
Término indicativo de función/relación autor.
9 (RLIN) 7673
942 ## - ELEMENTOS DE ENTRADA SECUNDARIOS (KOHA)
Fuente del sistema de clasificación o colocación Clasificación Decimal Dewey
Tipo de ítem Koha Libros físicos
980 ## - EQUIVALENCIA O REFERENCIA-CRUZADA-MENCIÓN DE SERIE--NOMBRE DE PERSONA/TÍTULO [LOCAL, CANADÁ]
ID del último usuario que modificó el registro 18226
Nombre del último usuario que modificó el registro Jaime Vilcazán Jefe de Análisis Documental
Existencias
Visto por última vez Total de préstamos Signatura topográfica completa Código de barras Copia número Coste, precio de reemplazo Fecha de reemplazo Facultad Tipo de ítem Koha Estado de pérdida Fuente del sistema de clasificación o colocación Restricciones de uso No para préstamo Colección Programa académico Biblioteca de origen Biblioteca actual Ubicación en estantería Fecha de adquisición Fuente de adquisición Coste, precio normal de compra
2025-12-02   333.91 C731 82905 e1 63.25 2025-11-25 FIA Libros físicos No Perdido Clasificación Decimal Dewey No restringido Disponible para préstamos Colección General Arquitectura Biblioteca CRAI UPeU Lima Biblioteca CRAI UPeU Lima Sala principal 2025-11-21 COMPRA, LICTUN S.A.C 58.25